[Event "RUS-ch U20"]
[Site "Sochi"]
[Date "2022.04.26"]
[Round "6"]
[White "Remizov, Yaroslav"]
[Black "Pavlov, Danila"]
[Result "0-1"]
[WhiteElo "2424"]
[BlackElo "2393"]
[PlyCount "66"]
[EventDate "2022.04.21"]
[EventType "tourn"]
[EventRounds "9"]
[EventCountry "RUS"]
[EventCategory "8"]
[SourceTitle "CBM 208 Extra"]
[Source "ChessBase"]
[SourceDate "2022.07.31"]
[SourceVersion "1"]
[SourceVersionDate "2022.07.31"]
[SourceQuality "1"]

1. e4 e6 2. d4 d5 3. Nc3 Nf6 4. Bg5 Bb4 5. e5 h6 6. Be3 Ne4 7. Qg4 g6 8. a3 Bxc3+ 9. bxc3 Nxc3 10. Bd3 Nc6 11. Nh3 Qe7 12. f4 Bd7 13. Bf2 Qf8 14. 0-0 0-0-0 15. Qf3 Ne4 16. Bxe4 dxe4 17. Qxe4 Ne7 18. c4 Bc6 19. Qe1 Qg7 20. Qa5 g5 21. fxg5 hxg5 22. d5 exd5 23. Bg3 Rxh3 24. gxh3 Ng6 25. Rf6 Nf4 26. Qxa7 Nxh3+ 27. Kf1 Qh7 28. Rd1 Nf4 29. Bxf4 gxf4 30. Rd2 Rg8 31. e6 Qb1+ 32. Ke2 Rg2+ 33. Kf3 Qe4# 0-1

[Event "RUS-ch U20"]
[Site "Sochi"]
[Date "2022.04.25"]
[Round "5"]
[White "Pavlov, Danila"]
[Black "Shubin, Kirill"]
[Result "0-1"]
[WhiteElo "2393"]
[BlackElo "2474"]
[PlyCount "88"]
[EventDate "2022.04.21"]
[EventType "tourn"]
[EventRounds "9"]
[EventCountry "RUS"]
[EventCategory "8"]
[SourceTitle "CBM 208 Extra"]
[Source "ChessBase"]
[SourceDate "2022.07.31"]
[SourceVersion "1"]
[SourceVersionDate "2022.07.31"]
[SourceQuality "1"]

1. e4 c5 2. Nf3 Nc6 3. d4 cxd4 4. Nxd4 Nf6 5. Nc3 d6 6. Nb3 g6 7. g3 Bg7 8. Bg2 0-0 9. 0-0 a5 10. a4 Bg4 11. Qd2 Rc8 12. h3 Bd7 13. f4 Be6 14. Nd5 Nb4 15. Nxb4 axb4 16. Qe3 Qd7 17. g4 Rxc2 18. Nd4 Rc4 19. Nb5 Rcc8 20. Bd2 Bc4 21. Rfc1 Bxb5 22. axb5 Qxb5 23. Bf1 Qd7 24. Bxb4 Nxg4 25. hxg4 Qxg4+ 26. Bg2 Bxb2 27. Rxc8 Rxc8 28. Rb1 Rc2 29. Qf3 Bd4+ 30. Kh1 Qh4+ 31. Qh3 Qxf4 32. Be1 Rc1 33. Rxc1 Qxc1 34. Qg3 Be3 35. Bf1 Bd2 36. Bxd2 Qxf1+ 37. Kh2 Qe2+ 38. Qg2 Qxg2+ 39. Kxg2 f6 40. Kf3 Kf7 41. Ba5 e5 42. Bd8 Ke6 43. Ke3 h5 44. Ba5 d5 0-1

[Event "RUS-ch U20"]
[Site "Sochi"]
[Date "2022.04.22"]
[Round "2"]
[White "Grachev, Alexey1111"]
[Black "Pavlov, Danila"]
[Result "0-1"]
[WhiteElo "2366"]
[BlackElo "2393"]
[PlyCount "78"]
[EventDate "2022.04.21"]
[EventType "tourn"]
[EventRounds "9"]
[EventCountry "RUS"]
[EventCategory "8"]
[SourceTitle "CBM 208 Extra"]
[Source "ChessBase"]
[SourceDate "2022.07.31"]
[SourceVersion "1"]
[SourceVersionDate "2022.07.31"]
[SourceQuality "1"]

1. e4 c6 2. Nf3 d5 3. d3 g6 4. e5 Bg7 5. d4 c5 6. c3 Nc6 7. h3 Bf5 8. Bb5 Qb6 9. Bxc6+ Qxc6 10. 0-0 c4 11. Nbd2 h6 12. Re1 g5 13. Nf1 e6 14. b3 Ne7 15. Ba3 Bd3 16. Bxe7 Kxe7 17. Ne3 Rac8 18. Nd2 Rhd8 19. h4 cxb3 20. Nxb3 Bg6 21. hxg5 hxg5 22. Qg4 Bf8 23. Rac1 b5 24. Qxg5+ Kd7 25. Qf4 Ba3 26. Nc5+ Kc7 27. Rcd1 Kb8 28. Re2 Bxc5 29. dxc5 Qxc5 30. a4 Qxc3 31. axb5 d4 32. Nf1 d3 33. Ra2 Qc4 34. Qd2 Qc3 35. Qe3 Qd4 36. Qd2 Rc2 37. b6 Rxd2 38. bxa7+ Ka8 39. Rdxd2 Rd7 0-1

[Event "Titled Tuesday intern op 24th Aug"]
[Site "Chess.com INT"]
[Date "2021.08.24"]
[Round "4"]
[White "Eswaran, Ashritha"]
[Black "Pavlov, Danila"]
[Result "0-1"]
[WhiteElo "2244"]
[BlackElo "2383"]
[PlyCount "130"]
[EventDate "2021.08.24"]
[EventType "swiss (blitz)"]
[EventRounds "11"]
[EventCountry "USA"]
[SourceTitle "EXT 2022"]
[Source "ChessBase"]
[SourceDate "2021.10.06"]
[SourceVersion "1"]
[SourceVersionDate "2021.10.06"]
[SourceQuality "1"]

1. e4 e6 2. d4 d5 3. Nc3 Nf6 4. Bg5 Be7 5. e5 Nfd7 6. Bxe7 Qxe7 7. f4 a6 8. Nf3 c5 9. Qd2 Nc6 10. dxc5 Nxc5 11. Bd3 b5 12. Ne2 Bb7 13. Ned4 Nxd4 14. Nxd4 Ne4 15. Qe3 Qb4+ 16. c3 Qxb2 17. 0-0 0-0 18. Bxe4 dxe4 19. a4 b4 20. Rfb1 Qxc3 21. Qxc3 bxc3 22. Rxb7 Rfd8 23. Ne2 c2 24. Rc1 Rd2 25. Kf2 Rc8 26. Ke3 Rd3+ 27. Kxe4 Ra3 28. Rxc2 Rxa4+ 29. Kf3 Rf8 30. Rcc7 a5 31. Ra7 Ra3+ 32. Kf2 h6 33. Nd4 Ra4 34. Nxe6 Re8 35. Nc5 Rxf4+ 36. Kg3 Rf5 37. e6 Rg5+ 38. Kf3 fxe6 39. h4 Rf8+ 40. Ke4 Rg4+ 41. Ke5 Rf5+ 42. Kxe6 Rf6+ 43. Ke5 Rxg2 44. Ne4 Rf8 45. Rxa5 Rg4 46. Nd6 Rxh4 47. Raa7 Rh5+ 48. Ke6 Rf6+ 49. Ke7 Re5+ 50. Kd7 Rd5 51. Ra8+ Kh7 52. Ra6 Rf7+ 53. Ke6 Rxd6+ 54. Kxd6 Rf6+ 55. Ke5 Rxa6 56. Rc3 Rf6 57. Rg3 h5 58. Rg5 Kh6 59. Rg3 Rf8 60. Ke6 h4 61. Rg4 g5 62. Ke5 Kh5 63. Rg1 h3 64. Ke4 Kh4 65. Ke3 g4 0-1

[Event "Titled Tuesday intern op 24th Aug"]
[Site "Chess.com INT"]
[Date "2021.08.24"]
[Round "11"]
[White "Pavlov, Danila"]
[Black "Balakrishnan, Praveen"]
[Result "1-0"]
[WhiteElo "2383"]
[BlackElo "2508"]
[PlyCount "85"]
[EventDate "2021.08.24"]
[EventType "swiss (blitz)"]
[EventRounds "11"]
[EventCountry "USA"]
[SourceTitle "EXT 2022"]
[Source "ChessBase"]
[SourceDate "2021.10.06"]
[SourceVersion "1"]
[SourceVersionDate "2021.10.06"]
[SourceQuality "1"]

1. e4 c6 2. Nc3 d5 3. Nf3 Bg4 4. h3 Bxf3 5. Qxf3 e6 6. d3 Nd7 7. Qg3 Ngf6 8. Be2 d4 9. Nb1 Bb4+ 10. c3 dxc3 11. bxc3 Be7 12. 0-0 0-0 13. Be3 Nb6 14. f4 Qd7 15. Nd2 c5 16. Nf3 Rfd8 17. f5 exf5 18. Ne5 Qb5 19. Rxf5 Qb2 20. Qe1 Na4 21. Bd2 Qb6 22. Rb1 Qc7 23. Qf2 Bd6 24. Nc4 Bf8 25. Ne3 Nb6 26. Rxf6 gxf6 27. Nf5 Kh8 28. Qh4 Qc6 29. Rf1 Nd7 30. Bh6 Qe6 31. Rf4 Qe8 32. Rg4 Bxh6 33. Qxh6 Qf8 34. Rg7 Qg8 35. Bh5 Rf8 36. Rxg8+ Rxg8 37. Bxf7 Rg5 38. h4 Rg4 39. Ne3 Rg3 40. Qf4 Rg7 41. Be6 Ne5 42. Qxf6 Nxd3 43. Nf5 1-0

[Event "Titled Tuesday intern op 24th Aug"]
[Site "Chess.com INT"]
[Date "2021.08.24"]
[Round "1"]
[White "Pavlov, Danila"]
[Black "Hardaway, Brewington"]
[Result "0-1"]
[WhiteElo "2383"]
[BlackElo "2026"]
[PlyCount "78"]
[EventDate "2021.08.24"]
[EventType "swiss (blitz)"]
[EventRounds "11"]
[EventCountry "USA"]
[SourceTitle "EXT 2022"]
[Source "ChessBase"]
[SourceDate "2021.10.06"]
[SourceVersion "1"]
[SourceVersionDate "2021.10.06"]
[SourceQuality "1"]

1. e4 c5 2. Nf3 d6 3. d4 cxd4 4. Nxd4 Nf6 5. Nc3 a6 6. Be3 b5 7. a4 b4 8. Nd5 Nxd5 9. exd5 Bb7 10. Bc4 Nd7 11. a5 Ne5 12. Bb3 g6 13. f4 Nd7 14. Nc6 Qc7 15. Ba4 Bg7 16. 0-0 Nc5 17. Bxc5 dxc5 18. Nxe7+ Kf8 19. d6 Qd8 20. Kh1 Bxb2 21. Rb1 Bd4 22. Re1 Qxd6 23. c3 Bxg2+ 24. Kxg2 bxc3 25. Rb6 Qxf4 26. Qf3 Qg5+ 27. Kh1 Kg7 28. Rb7 Rab8 29. Rc7 Rb2 30. Rf1 Rf8 31. Nd5 Kh8 32. Re7 Be5 33. Rf2 Rb1+ 34. Rf1 Rxf1+ 35. Qxf1 Bd6 36. Qf3 Bxe7 37. Qxc3+ Kg8 38. Bb3 Rd8 39. Qf3 c4 0-1

[Event "Titled Tuesday intern op 24th Aug"]
[Site "Chess.com INT"]
[Date "2021.08.24"]
[Round "6"]
[White "Pavlov, Danila"]
[Black "Song, Michael"]
[Result "1-0"]
[WhiteElo "2383"]
[BlackElo "2421"]
[PlyCount "67"]
[EventDate "2021.08.24"]
[EventType "swiss (blitz)"]
[EventRounds "11"]
[EventCountry "USA"]
[SourceTitle "EXT 2022"]
[Source "ChessBase"]
[SourceDate "2021.10.06"]
[SourceVersion "1"]
[SourceVersionDate "2021.10.06"]
[SourceQuality "1"]

1. e4 e5 2. Nf3 Nc6 3. Bb5 Nf6 4. 0-0 Nxe4 5. Re1 Nd6 6. Nxe5 Be7 7. Bf1 0-0 8. Nc3 Nf5 9. Nd5 Bd6 10. Nc4 Bc5 11. c3 Nce7 12. Nxe7+ Bxe7 13. Qf3 d5 14. Ne3 Nxe3 15. dxe3 c6 16. Bd3 f5 17. c4 Be6 18. b3 Bf6 19. Rb1 Qa5 20. Qe2 Rad8 21. b4 Qa4 22. h3 Bc3 23. Rf1 Bxb4 24. a3 Bc3 25. cxd5 Bxd5 26. Rxb7 c5 27. Rb1 c4 28. Bc2 Qc6 29. f3 Rde8 30. Bd2 Bxd2 31. Qxd2 Qc5 32. Rfe1 c3 33. Qd3 Rf7 34. Rb5 1-0

[Event "Titled Tuesday intern op 17th Aug"]
[Site "Chess.com INT"]
[Date "2021.08.17"]
[Round "5"]
[White "Osmonbekov, Talaibek D"]
[Black "Pavlov, Danila"]
[Result "0-1"]
[WhiteElo "2136"]
[BlackElo "2383"]
[PlyCount "52"]
[EventDate "2021.08.17"]
[EventType "swiss (blitz)"]
[EventRounds "11"]
[EventCountry "USA"]
[SourceTitle "EXT 2022"]
[Source "ChessBase"]
[SourceDate "2021.10.06"]
[SourceVersion "1"]
[SourceVersionDate "2021.10.06"]
[SourceQuality "1"]

1. d4 Nf6 2. Nc3 e6 3. e4 d5 4. e5 Nfd7 5. f4 c5 6. Nf3 Nc6 7. Ne2 Qb6 8. c3 cxd4 9. Nexd4 Bc5 10. g3 0-0 11. Bh3 Nxd4 12. cxd4 Bb4+ 13. Kf2 f6 14. Kg2 f5 15. Rg1 Nb8 16. Kh1 Nc6 17. g4 fxg4 18. Rxg4 Ne7 19. Qg1 Nf5 20. Nh4 Nxh4 21. Rxg7+ Kh8 22. Be3 Ng6 23. Rxg6 hxg6 24. Qxg6 Qc7 25. Qh6+ Qh7 26. Qxf8+ Bxf8 0-1

[Event "Titled Tuesday intern op 17th Aug"]
[Site "Chess.com INT"]
[Date "2021.08.17"]
[Round "11"]
[White "Ovetchkin, Roman"]
[Black "Pavlov, Danila"]
[Result "0-1"]
[WhiteElo "2518"]
[BlackElo "2383"]
[PlyCount "82"]
[EventDate "2021.08.17"]
[EventType "swiss (blitz)"]
[EventRounds "11"]
[EventCountry "USA"]
[SourceTitle "EXT 2022"]
[Source "ChessBase"]
[SourceDate "2021.10.06"]
[SourceVersion "1"]
[SourceVersionDate "2021.10.06"]
[SourceQuality "1"]

1. d4 Nf6 2. c4 g6 3. Nc3 Bg7 4. e4 d6 5. Nf3 0-0 6. Be2 e5 7. d5 a5 8. Bg5 h6 9. Be3 Na6 10. Nd2 Nh7 11. a3 f5 12. f3 Nc5 13. b4 axb4 14. axb4 Rxa1 15. Qxa1 Na6 16. Qa3 Qh4+ 17. g3 Qe7 18. c5 dxc5 19. bxc5 Nf6 20. 0-0 fxe4 21. Ndxe4 Nxe4 22. fxe4 Rxf1+ 23. Kxf1 Bf8 24. Bxa6 bxa6 25. Qb3 Qf7+ 26. Ke1 Bg4 27. Qc4 Qf3 28. Kd2 Kh7 29. d6 cxd6 30. c6 Qg2+ 31. Ne2 d5 32. exd5 Bxe2 33. Qxe2 Qxd5+ 34. Qd3 Qxc6 35. h4 h5 36. Qd8 Qd6+ 37. Qxd6 Bxd6 38. Kd3 e4+ 39. Kxe4 Bxg3 40. Bg5 Kg7 41. Kd5 Kf7 0-1

[Event "Titled Tuesday intern op 17th Aug"]
[Site "Chess.com INT"]
[Date "2021.08.17"]
[Round "10"]
[White "Pavlov, Danila"]
[Black "Khabinets, Ivan"]
[Result "1-0"]
[WhiteElo "2383"]
[BlackElo "1980"]
[PlyCount "81"]
[EventDate "2021.08.17"]
[EventType "swiss (blitz)"]
[EventRounds "11"]
[EventCountry "USA"]
[SourceTitle "EXT 2022"]
[Source "ChessBase"]
[SourceDate "2021.10.06"]
[SourceVersion "1"]
[SourceVersionDate "2021.10.06"]
[SourceQuality "1"]

1. e4 c5 2. Nf3 d6 3. d4 cxd4 4. Nxd4 e5 5. Nb3 Nf6 6. Nc3 h6 7. Bc4 Be7 8. 0-0 0-0 9. Nd5 Nbd7 10. f3 Nxd5 11. Bxd5 Nf6 12. c4 Be6 13. Be3 Bxd5 14. cxd5 Qd7 15. Qd3 Rfc8 16. Rac1 a6 17. Na5 Bd8 18. Nb3 Qa4 19. a3 Nd7 20. Nd2 b5 21. Qb3 Bb6 22. Kf2 Bxe3+ 23. Kxe3 Qd4+ 24. Ke2 Nc5 25. Qc3 Qxc3 26. Rxc3 Na4 27. Rxc8+ Rxc8 28. b3 Nb6 29. Kd3 Kf8 30. Ra1 a5 31. Ra2 Ke7 32. Rc2 Rxc2 33. Kxc2 Kd7 34. Nb1 Na8 35. Nc3 Nc7 36. Kd3 Kc8 37. a4 b4 38. Nd1 Kb7 39. Nb2 f5 40. Nc4 fxe4+ 41. fxe4 1-0

[Event "RUS-ch U20"]
[Site "Loo"]
[Date "2021.04.25"]
[Round "5"]
[White "Dudin, Gleb"]
[Black "Pavlov, Danila"]
[Result "1-0"]
[WhiteElo "2418"]
[BlackElo "2360"]
[PlyCount "169"]
[EventDate "2021.04.21"]
[EventType "swiss"]
[EventRounds "9"]
[EventCountry "RUS"]
[SourceTitle "CBM 202 Extra"]
[Source "ChessBase"]
[SourceDate "2021.07.31"]
[SourceVersion "1"]
[SourceVersionDate "2021.07.31"]
[SourceQuality "1"]

1. d4 Nf6 2. Nf3 g6 3. c4 Bg7 4. Nc3 0-0 5. g3 d6 6. Bg2 Nc6 7. 0-0 e5 8. dxe5 dxe5 9. Bg5 Be6 10. Qa4 Qc8 11. Nd2 Nd7 12. Bxc6 Nb6 13. Qb5 a6 14. Qc5 bxc6 15. Qxc6 h6 16. Be3 Rd8 17. Rfd1 Rd6 18. Qc5 f5 19. f3 Qb7 20. b3 Rad8 21. Qa5 R6d7 22. Nf1 e4 23. Rxd7 Nxd7 24. f4 Nf8 25. Rc1 Bf7 26. Na4 Rd6 27. Nc5 Qc6 28. Rc2 g5 29. Qa4 Qa8 30. Rd2 gxf4 31. gxf4 Rxd2 32. Nxd2 Qd8 33. Qb4 Bh5 34. Nf1 Bxe2 35. Qd2 Bd3 36. Ng3 Qf6 37. Nxd3 exd3 38. Qxd3 Qa1+ 39. Kg2 Qxa2+ 40. Kh3 Qb2 41. Nxf5 c6 42. Ne7+ Kh8 43. Nxc6 Qf6 44. Qe4 Qc3 45. Nd4 Qe1 46. Nf5 Bf6 47. Ng3 Qd1 48. Qe8 Bg7 49. f5 Kg8 50. Bc5 Qxb3 51. Bxf8 Bxf8 52. Qe6+ Kh8 53. Qxa6 Qc3 54. Qe6 Bg7 55. Kg4 Kh7 56. Qg6+ Kh8 57. Qe8+ Kh7 58. Qe4 Qf6 59. h4 Kh8 60. Nh5 Qd6 61. Nf4 Qd1+ 62. Qe2 Qd4 63. Qe8+ Kh7 64. Qg6+ Kh8 65. Qe6 Kh7 66. Qd5 h5+ 67. Kf3 Qf6 68. Qe4 Qc3+ 69. Qd3 Qf6 70. Qe4 Qc3+ 71. Qd3 Qf6 72. Kg3 Bf8 73. Nxh5 Bd6+ 74. Kg4 Qe5 75. f6+ Kh6 76. Qd2+ Kh7 77. Qd3+ Kh6 78. Qd2+ Kh7 79. Qd5 Qe2+ 80. Kg5 Qe3+ 81. Kg4 Qe2+ 82. Kf5 Qxh5+ 83. Ke6 Qxh4 84. Qb7+ Kh6 85. Qg7+ 1-0

[Event "Titled Tuesday intern op 29th Dec"]
[Site "Chess.com INT"]
[Date "2020.12.29"]
[Round "3"]
[White "Pavlov, Danila"]
[Black "Erzhanov, Arman"]
[Result "1/2-1/2"]
[WhiteElo "2348"]
[BlackElo "2229"]
[PlyCount "94"]
[EventDate "2020.12.29"]
[EventType "swiss (blitz)"]
[EventRounds "11"]
[EventCountry "USA"]
[SourceTitle "CBM 200 Extra"]
[Source "ChessBase"]
[SourceDate "2021.03.31"]
[SourceVersion "1"]
[SourceVersionDate "2021.03.31"]
[SourceQuality "1"]

1. e4 d6 2. d4 Nf6 3. Nc3 e5 4. Nf3 Nbd7 5. Rg1 g6 6. g4 Bg7 7. g5 Nh5 8. Be3 0-0 9. Qd2 c6 10. 0-0-0 Qa5 11. Be2 b5 12. a3 Rb8 13. Nh4 Nf4 14. Bxf4 exf4 15. Na2 Qxd2+ 16. Rxd2 f6 17. Nf3 fxg5 18. Nxg5 Nf6 19. e5 dxe5 20. dxe5 Nd5 21. Bf3 Bxe5 22. Bxd5+ cxd5 23. Rxd5 Bf6 24. Nb4 Bf5 25. Rxf5 gxf5 26. Ne6+ Kf7 27. Nxf8 Rxf8 28. Nd3 Bg7 29. Re1 Re8 30. Rxe8 Kxe8 31. Kd1 f3 32. b3 Bd4 33. Ke1 Ke7 34. Kf1 Ke6 35. Ne1 Bb2 36. Nxf3 Kd5 37. Ke2 Bxa3 38. Nh4 Ke5 39. h3 a5 40. Kd3 Bc5 41. Nf3+ Kf4 42. Nd4 Ke5 43. Nxb5 Bxf2 44. Nc3 Bc5 45. Ke2 Kd4 46. Na4 Bd6 47. Kf3 h5 1/2-1/2

[Event "Titled Tuesday intern op 17th Nov"]
[Site "Chess.com INT"]
[Date "2020.11.17"]
[Round "2"]
[White "Manukian, Artak"]
[Black "Pavlov, Danila"]
[Result "1-0"]
[WhiteElo "2196"]
[BlackElo "2348"]
[PlyCount "93"]
[EventDate "2020.11.17"]
[EventType "swiss (blitz)"]
[EventRounds "11"]
[EventCountry "USA"]
[SourceTitle "CBM 199 Extra"]
[Source "ChessBase"]
[SourceDate "2021.01.31"]
[SourceVersion "1"]
[SourceVersionDate "2021.01.31"]
[SourceQuality "1"]

1. e4 e6 2. d4 d5 3. e5 c5 4. c3 Qa5 5. Nf3 cxd4 6. Nxd4 Nc6 7. b4 Qc7 8. Nxc6 bxc6 9. f4 c5 10. b5 f6 11. Bd3 Bb7 12. Qh5+ Qf7 13. Qxf7+ Kxf7 14. Nd2 h5 15. a4 Nh6 16. Nf3 Be7 17. 0-0 Rhd8 18. a5 Rac8 19. Ba3 Ng4 20. h3 Ne3 21. Rfe1 d4 22. c4 Bxf3 23. gxf3 g5 24. exf6 Bxf6 25. fxg5 Bxg5 26. Kh1 Rg8 27. Rg1 Be7 28. b6 axb6 29. axb6 Rb8 30. Rxg8 Kxg8 31. Rb1 Kf7 32. b7 Ke8 33. Be4 Nxc4 34. Bc1 Kd8 35. Ra1 Kc7 36. Ra4 Nb6 37. Bf4+ Bd6 38. Bxd6+ Kxd6 39. Ra6 Kc7 40. Ra5 Kd6 41. Ra6 Kc7 42. Ra5 Nd7 43. Ra6 e5 44. Kg2 c4 45. Rc6+ Kxb7 46. Rxc4+ Kb6 47. f4 1-0

[Event "Titled Tuesday intern op 17th Nov"]
[Site "Chess.com INT"]
[Date "2020.11.17"]
[Round "6"]
[White "Pavlov, Danila"]
[Black "Girel, Joseph"]
[Result "1-0"]
[WhiteElo "2348"]
[BlackElo "2301"]
[PlyCount "23"]
[EventDate "2020.11.17"]
[EventType "swiss (blitz)"]
[EventRounds "11"]
[EventCountry "USA"]
[SourceTitle "CBM 199 Extra"]
[Source "ChessBase"]
[SourceDate "2021.01.31"]
[SourceVersion "1"]
[SourceVersionDate "2021.01.31"]
[SourceQuality "1"]

1. e4 e5 2. Nf3 Nc6 3. Bb5 a6 4. Bxc6 dxc6 5. 0-0 Bg4 6. h3 h5 7. d3 Qf6 8. Be3 Bd6 9. Nbd2 Ne7 10. Re1 Be6 11. d4 Ng6 12. Bg5 1-0

[Event "Titled Tuesday intern op 17th Nov"]
[Site "Chess.com INT"]
[Date "2020.11.17"]
[Round "1"]
[White "Pavlov, Danila"]
[Black "Idrisov, Ildar F"]
[Result "0-1"]
[WhiteElo "2348"]
[BlackElo "2282"]
[PlyCount "98"]
[EventDate "2020.11.17"]
[EventType "swiss (blitz)"]
[EventRounds "11"]
[EventCountry "USA"]
[SourceTitle "CBM 199 Extra"]
[Source "ChessBase"]
[SourceDate "2021.01.31"]
[SourceVersion "1"]
[SourceVersionDate "2021.01.31"]
[SourceQuality "1"]

1. e4 d6 2. d4 Nd7 3. Nc3 e5 4. Nf3 Ngf6 5. Rg1 Be7 6. g4 h6 7. h4 c6 8. g5 hxg5 9. hxg5 Nh5 10. g6 f6 11. Rh1 Nf8 12. Be2 Nxg6 13. Nxe5 Nhf4 14. Rxh8+ Nxh8 15. Bxf4 dxe5 16. dxe5 Qa5 17. Qd4 Be6 18. exf6 gxf6 19. 0-0-0 Rd8 20. Qe3 Rxd1+ 21. Bxd1 Bxa2 22. Nxa2 Qxa2 23. Bh5+ Nf7 24. Qd4 Qa1+ 25. Kd2 Qa5+ 26. b4 Qxh5 27. Qxa7 Qb5 28. c3 Nd6 29. Qb8+ Kd7 30. f3 Nc4+ 31. Kc1 Bd6 32. Bxd6 Nxd6 33. Qf8 Qf1+ 34. Kb2 Qxf3 35. Qg7+ Ke6 36. Qg8+ Ke5 37. Qd8 Qe2+ 38. Ka3 Nc4+ 39. Kb3 Nd2+ 40. Ka3 Nxe4 41. Qe7+ Kf4 42. Qxb7 Qc4 43. Qc7+ Ke3 44. Qh2 Qxc3+ 45. Ka4 Kd4 46. Qg1+ Kd5 47. Qg8+ Ke5 48. Qb8+ Kf5 49. Qc8+ Kf4 0-1

[Event "Titled Tuesday intern op 17th Nov"]
[Site "Chess.com INT"]
[Date "2020.11.17"]
[Round "5"]
[White "Tymrakiewicz, Rafal"]
[Black "Pavlov, Danila"]
[Result "0-1"]
[WhiteElo "2236"]
[BlackElo "2348"]
[PlyCount "78"]
[EventDate "2020.11.17"]
[EventType "swiss (blitz)"]
[EventRounds "11"]
[EventCountry "USA"]
[SourceTitle "CBM 199 Extra"]
[Source "ChessBase"]
[SourceDate "2021.01.31"]
[SourceVersion "1"]
[SourceVersionDate "2021.01.31"]
[SourceQuality "1"]

1. e4 e6 2. d4 d5 3. e5 c5 4. c3 Qa5 5. dxc5 Nc6 6. Nf3 Qc7 7. Bf4 Bxc5 8. Bd3 h5 9. 0-0 Nh6 10. Re1 Ng4 11. Re2 a5 12. Na3 Qb6 13. Nb5 Nxf2 14. Rxf2 Bxf2+ 15. Kh1 Bc5 16. Qe2 Bd7 17. Rf1 0-0-0 18. b3 f5 19. a3 Na7 20. Nbd4 Rhg8 21. b4 Be7 22. Be3 Qc7 23. Bg5 Bxg5 24. Nxg5 Rde8 25. Rc1 Kb8 26. Nf7 Nc8 27. Qe3 Ba4 28. b5 Qxf7 29. Qf4 g5 30. Qd2 Nb6 31. Qf2 Qc7 32. Nf3 h4 33. Nd2 Rc8 34. Nb1 Bb3 35. Qe3 Bc4 36. Bc2 Qc5 37. Qd2 g4 38. Qe1 h3 39. g3 d4 0-1

[Event "Titled Tuesday intern op 10th Nov"]
[Site "Chess.com INT"]
[Date "2020.11.10"]
[Round "3"]
[White "Pavlov, Danila"]
[Black "Bortnyk, Olexandr"]
[Result "0-1"]
[WhiteElo "2348"]
[BlackElo "2598"]
[PlyCount "124"]
[EventDate "2020.11.10"]
[EventType "swiss (blitz)"]
[EventRounds "11"]
[EventCountry "USA"]
[SourceTitle "CBM 199 Extra"]
[Source "ChessBase"]
[SourceDate "2021.01.31"]
[SourceVersion "1"]
[SourceVersionDate "2021.01.31"]
[SourceQuality "1"]

1. e4 Nf6 2. Nc3 d5 3. e5 Nfd7 4. d4 c5 5. f4 cxd4 6. Nce2 Nc6 7. Nf3 Ndb8 8. Nexd4 Bg4 9. Be2 e6 10. Be3 Qb6 11. 0-0 Bxf3 12. Rxf3 Nxd4 13. Bxd4 Bc5 14. Bxc5 Qxc5+ 15. Kh1 Nc6 16. c3 0-0 17. Bd3 f5 18. exf6 Rxf6 19. Qe2 Raf8 20. Re1 g6 21. Ref1 Kg7 22. h4 d4 23. Be4 Ne7 24. cxd4 Qxd4 25. g3 Qa4 26. b3 Qb4 27. Rd1 R8f7 28. h5 gxh5 29. Rfd3 h4 30. Rd4 Qc3 31. Qg4+ Ng6 32. R4d3 Qb4 33. Rd4 Qc3 34. R4d3 Qa5 35. Rf1 hxg3 36. Rxg3 Qd2 37. Bxg6 Rxg6 38. Qh4 Qxa2 39. Rfg1 Qd2 40. Qh5 Qd5+ 41. Qxd5 exd5 42. Rxg6+ hxg6 43. Rd1 Rxf4 44. Rxd5 Rb4 45. Rd3 a5 46. Kg2 b5 47. Kf3 a4 48. bxa4 bxa4 49. Ke2 Rb2+ 50. Kd1 Ra2 51. Kc1 Kf6 52. Kb1 Re2 53. Rd4 a3 54. Rd6+ Kf5 55. Ra6 Re3 56. Kc2 g5 57. Kd2 Rh3 58. Ke2 a2 59. Kf2 Rh1 60. Ra5+ Kg6 61. Rxa2 Rh2+ 62. Kg3 Rxa2 0-1

[Event "Titled Tuesday intern op 03rd Nov"]
[Site "Chess.com INT"]
[Date "2020.11.03"]
[Round "11"]
[White "Diaz Rosas, Julio Cesar"]
[Black "Pavlov, Danila"]
[Result "0-1"]
[WhiteElo "2367"]
[BlackElo "2348"]
[PlyCount "120"]
[EventDate "2020.11.03"]
[EventType "swiss (blitz)"]
[EventRounds "11"]
[EventCountry "USA"]
[SourceTitle "CBM 199 Extra"]
[Source "ChessBase"]
[SourceDate "2021.01.31"]
[SourceVersion "1"]
[SourceVersionDate "2021.01.31"]
[SourceQuality "1"]

1. e4 e6 2. d4 d5 3. Nc3 Nf6 4. e5 Nfd7 5. f4 c5 6. Nf3 Nc6 7. Be3 cxd4 8. Nxd4 Bc5 9. Qd2 0-0 10. 0-0-0 a6 11. Qf2 Nxd4 12. Bxd4 Qe7 13. Bd3 b5 14. Ne2 Bb7 15. Kb1 Rac8 16. h4 Bxd4 17. Nxd4 Nc5 18. h5 Ne4 19. Qe3 f6 20. h6 g6 21. Nf3 Qb4 22. Bxe4 Qxe4 23. Qxe4 dxe4 24. Nd4 fxe5 25. Nxe6 Rf6 26. Ng5 Bc6 27. fxe5 Rf5 28. Ne6 Rxe5 29. Nd4 Bd5 30. Ne2 e3 31. b3 Bxg2 32. Rh2 Bf3 33. Rd7 Bxe2 34. Rxe2 Rf8 35. Rg7+ Kh8 36. Kc1 Rf1+ 37. Kb2 Rf2 38. Rd7 Kg8 39. Re1 Rf7 40. Rd8+ Rf8 41. Rd7 e2 42. Rd2 Rf2 43. c4 bxc4 44. bxc4 Kf7 45. Kc3 Kf6 46. Kd3 Kg5 47. c5 Rxc5 48. Rdxe2 Rxe2 49. Rxe2 Kxh6 50. Kd4 Ra5 51. Kc4 g5 52. Kb4 Rb5+ 53. Kc4 Rb6 54. a4 g4 55. a5 Rg6 56. Rh2+ Kg7 57. Rb2 h5 58. Rb7+ Kh6 59. Rb6 g3 60. Rb1 g2 0-1

[Event "Titled Tuesday intern op 03rd Nov"]
[Site "Chess.com INT"]
[Date "2020.11.03"]
[Round "7"]
[White "Fominykh, Maria"]
[Black "Pavlov, Danila"]
[Result "0-1"]
[WhiteElo "2206"]
[BlackElo "2348"]
[PlyCount "64"]
[EventDate "2020.11.03"]
[EventType "swiss (blitz)"]
[EventRounds "11"]
[EventCountry "USA"]
[SourceTitle "CBM 199 Extra"]
[Source "ChessBase"]
[SourceDate "2021.01.31"]
[SourceVersion "1"]
[SourceVersionDate "2021.01.31"]
[SourceQuality "1"]

1. d4 Nf6 2. c4 g6 3. Nc3 Bg7 4. e4 d6 5. Nf3 0-0 6. h3 e5 7. d5 Ne8 8. g4 f5 9. gxf5 gxf5 10. exf5 Bxf5 11. Rg1 Kh8 12. Ng5 Qd7 13. Bd3 Na6 14. Be3 Nb4 15. Bxf5 Qxf5 16. Nge4 Nf6 17. a3 Nxe4 18. Nxe4 Qxe4 19. axb4 Qxc4 20. Qg4 Qxg4 21. hxg4 a6 22. Rc1 Rf7 23. Ke2 Rg8 24. Rc4 Bf6 25. g5 Bd8 26. Rh4 Rg6 27. Rh5 Kg8 28. Rgh1 Rfg7 29. Rg1 h6 30. gxh6 Rxg1 31. hxg7 Kxg7 32. Rh4 Bxh4 0-1